India Pakistan and the West / (Record no. 187015)
[ view plain ]
| 000 -LEADER | |
|---|---|
| fixed length control field | 00766 a2200169 4500 |
| 003 - CONTROL NUMBER IDENTIFIER | |
| control field | Nust |
| 005 - DATE AND TIME OF LATEST TRANSACTION | |
| control field | 20230128100737.0 |
| 040 ## - CATALOGING SOURCE | |
| Transcribing agency | Nust |
| 082 ## - DEWEY DECIMAL CLASSIFICATION NUMBER | |
| Classification number | 915.4,SPE |
| 100 ## - MAIN ENTRY--PERSONAL NAME | |
| Personal name | Spear, Percival |
| 9 (RLIN) | 107990 |
| 245 ## - TITLE STATEMENT | |
| Title | India Pakistan and the West / |
| Statement of responsibility, etc. | Percival Spear |
| 260 ## - PUBLICATION, DISTRIBUTION, ETC. | |
| Place of publication, distribution, etc. | London |
| Name of publisher, distributor, etc. | Oxford |
| Date of publication, distribution, etc. | 1949 |
| 300 ## - PHYSICAL DESCRIPTION | |
| Extent | 232:p |
| 505 ## - FORMATTED CONTENTS NOTE | |
| Formatted contents note | Problems (Page-9), The Country (Page-27), The Peoples of India (Page-39), Hinduism (Page-57), Islam (Page-76), Historical Perspective (page-92), The British (page-113), The Organization of Power (Page-123), The Organization of Economic Life (Page-140), The Organization of Welfare (apge-157) The Indian Response (Page-175), The New India (Page-192), Conclusion (Page-209). |
| 650 ## - SUBJECT ADDED ENTRY--TOPICAL TERM | |
| Topical term or geographic name entry element | India & Pakistan |
| 9 (RLIN) | 107991 |
| 942 ## - ADDED ENTRY ELEMENTS (KOHA) | |
| Source of classification or shelving scheme | |
| Koha item type | Book |
| Withdrawn status | Lost status | Source of classification or shelving scheme | Damaged status | Not for loan | Permanent Location | Current Location | Shelving location | Date acquired | Full call number | Barcode | Date last seen | Price effective from | Koha item type | Public note |
|---|---|---|---|---|---|---|---|---|---|---|---|---|---|---|
| Military College of Signals (MCS) | Military College of Signals (MCS) | General Stacks | 12/12/2016 | 915.4,SPE | MCS29145 | 12/08/2016 | 12/12/2016 | Book | Almirah No.59, Shelf No.2 |
